000 00612nam a2200229Ia 4500
003 OSt
005 20220928121403.0
006 a|||||r|||| 00| 0
007 ta
008 220927b |||||||| |||| 00| 0 eng d
024 _a41698
037 _cTextual
040 _aSDCL
_cSDCL
_beng
041 _2eng
_aeng
082 _aR:(T), M6
100 _aBhatt S R
_9402590
245 0 _aKnowledge,value and education
_b An axionoetic analysis.
260 _aDelhi
_bGian Publishing
_c1986
300 _axii,88p.
_ccm.
942 _hR:(T), M6
_cTEXL
_2CC
999 _c765831
_d765831